Statistiques concernant Grille de mots mini #7

Cliquez ici pour prendre le quiz!

Statistiques générales

  • Ce quiz a été pris 145 fois
  • Le résultat moyen est 24 sur 25

Statistiques - réponses

Place de la lettreRéponses% Correct
1 AD
99%
1 CD
98%
1 DO
98%
1 BO
98%
5 BE
97%
1 ES
97%
4 BG
96%
3 BA
95%
4 AA
95%
4 CE
95%
5 EE
95%
2 AI
95%
4 DN
95%
2 BR
95%
5 AR
95%
4 ET
95%
3 AN
94%
5 CS
94%
5 DT
94%
2 EE
92%
2 CI
92%
3 EN
92%
3 DA
91%
3 CN
91%
2 DS
91%

Distribution des résultats

Percentile par nombre de réponses

% des personnes avec chaque résultat

Votre développement - résultats

Vous n’avez pas pris ce quiz